000
00303nam a22001337a 4500
008
180926b xxu||||| |||| 00| 0 eng d
020
_a
9780534559014
041
_a
eng
080
_2
3rd
_a
343.9
100
_a
13
101
_a
KRI
245
_a
Criminal Justice in America
_c
Cole, G.F
942
_2
udc
_c
BK
999
_c
48513
_d
48513